International financial statistics 2007 country notes
Gespeichert in:
| Körperschaft: | |
|---|---|
| Format: | Buch |
| Sprache: | Englisch |
| Veröffentlicht: |
Washington
International Monetary Fund
2007
|
| Schlagworte: | |
| Tags: |
Keine Tags, Fügen Sie das erste Tag hinzu!
|
MARC
| LEADER | 00000nam$a2200000$$$4500 | ||
|---|---|---|---|
| 001 | 0069427 | ||
| 005 | 20240315115505.5 | ||
| 020 | |a 978-1-58906-655-7 | ||
| 022 | |a 0250-7463 | ||
| 041 | 0 | |a eng | |
| 044 | |a US | ||
| 245 | 1 | 0 | |a International financial statistics 2007 |b country notes |
| 264 | 1 | |a Washington |b International Monetary Fund |c 2007 | |
| 300 | |a v, 208 s. | ||
| 610 | 2 | 0 | |a Medzinárodný menový fond |
| 610 | 2 | 0 | |a financie |
| 610 | 2 | 0 | |a financie medzinárodné |
| 610 | 2 | 0 | |a bankovníctvo |
| 610 | 2 | 0 | |a peňažníctvo |
| 610 | 2 | 0 | |a kurz devízový |
| 610 | 2 | 0 | |a svet |
| 610 | 2 | 0 | |a organizácie finančné |
| 710 | 2 | |a International Monetary Fund. Statistics Department | |